Comparative vertebrate endocrinology. (Record no. 6660)
[ view plain ]
| 000 -LEADER | |
|---|---|
| fixed length control field | 00725cam a22002412 4500 |
| 001 - CONTROL NUMBER | |
| control field | 0000004801 |
| 005 - DATE AND TIME OF LATEST TRANSACTION | |
| control field | 20151217151941.0 |
| 008 - FIXED-LENGTH DATA ELEMENTS--GENERAL INFORMATION | |
| fixed length control field | 070529s xx 000 0 eng d |
| 020 ## - INTERNATIONAL STANDARD BOOK NUMBER | |
| International Standard Book Number | 0521629985 : |
| Terms of availability | KES 5,700 |
| 040 ## - CATALOGING SOURCE | |
| Original cataloging agency | KABU |
| Transcribing agency | KABU |
| 050 #0 - LIBRARY OF CONGRESS CALL NUMBER | |
| Classification number | QP187 |
| Item number | .B46 1998 |
| 100 1# - MAIN ENTRY--PERSONAL NAME | |
| Personal name | Bentley, P. J. |
| -- | 0000155612 |
| 245 10 - TITLE STATEMENT | |
| Title | Comparative vertebrate endocrinology. |
| 250 ## - EDITION STATEMENT | |
| Edition statement | 3rd ed. |
| 260 ## - PUBLICATION, DISTRIBUTION, ETC. (IMPRINT) | |
| Place of publication, distribution, etc. | Cambridge : |
| Name of publisher, distributor, etc. | CUP, |
| Date of publication, distribution, etc. | 1998. |
| 300 ## - PHYSICAL DESCRIPTION | |
| Extent | xx, 526 p. |
| 650 #0 - SUBJECT ADDED ENTRY--TOPICAL TERM | |
| Topical term or geographic name as entry element | Endocrinology, Comparative. |
| -- | 0000155613 |
| 650 #0 - SUBJECT ADDED ENTRY--TOPICAL TERM | |
| Topical term or geographic name as entry element | Vertebrates |
| General subdivision | Physiology. |
| -- | 0000155614 |
| 908 ## - PUT COMMAND PARAMETER (RLIN) | |
| Put command parameter | 070529 |
| 950 ## - LOCAL HOLDINGS (RLIN) | |
| -- | 1 |
| Withdrawn status | Lost status | Source of classification or shelving scheme | Not for loan | Home library | Current library | Date acquired | Total Checkouts | Full call number | Barcode | Date last seen | Price effective from | Koha item type | Date last checked out |
|---|---|---|---|---|---|---|---|---|---|---|---|---|---|
| Library of Congress Classification | Kabarak, Main Campus | Kabarak, Main Campus | 17/12/2015 | QP187 .B46 1998 | 004438 | 17/12/2015 | 17/12/2015 | General Collection | |||||
| Library of Congress Classification | Kabarak, Main Campus | Kabarak, Main Campus | 17/12/2015 | 1 | QP187 .B46 1998 | 004439 | 29/05/2019 | 17/12/2015 | General Collection | 10/05/2019 |